03407njm a2200505Ia 450000100060000000300090000600500170001500800410003204000130007304000130008604100130009910000110011210000180012310000380014124500490017925000110022826000110023926000380025030000100028850000450029850502980034351100510064165000550069270000600074770000950080770000960090270001000099870000680109870000880116670000940125470001440134870001810149270001070167370000710178070000610185170000850191270001170199770001030211470001280221770001470234570001340249270000930262670000760271970001060279523921IT-RoPAU20220918181154.0131025s9999 xx 000 0 und d aIT-RoPAU cIT-RoPAU aITALIANO aAA.VV. eAutore musica gCodice autore musica SPICS: 12000 aCanzoniere dei bambini (Il) vol.2-Lp Sm 3411 a1a ed. aITALIA bSIGNAL RECORDc1972 [1a Ed.:1972] aDISCO aCanzoni per bambini. Musica per bambini. aLa marcia di Topolino - Ehi Oh - Ricordate Marcellino - La scuola di Pierino - Trombolino e Pennacchietta - Dudulalà - I Tre porcellini. Who's Afraid of the Big Bad Wolf? - Cin cin... Ping pong - E verrà quel dì di lune - Il piccolo naviglio - Il mio bel castello - Ma che musica maestro aCoro de I Sanremini diretti da Ornella Bazzini aCANTI BAMBINI [DISCHI]eCodice MATERIA SPICS: 9950 aI SanreminidCodice interprete SPICS: 14058eInterprete aTestoni GiancarlodCodice autore musica SPICS: 13524eAutore musicapLa marcia di Topolino aDevilli (Curci Alberto)dCodice autore SPICS: 13392eAutorepLa marcia di Topolino - Ehi Oh aDodd DorseydCodice autore testo/musica SPICS: 8019eAutore testo/musicapLa marcia di Topolino aMoreydCodice autore musica SPICS: 25269eAutore musicapEhi Oh aPanzeri MariodCodice autore testo/musica SPICS: 13372eAutore testo/musicapEhi Oh aSavona Virgilio A.dCodice autore musica SPICS: 1568eAutore musicapRicordate Marcellino aGiacobetti Giovanni (Tata)dCodice autore testo/musica SPICS: 13483eAutore testo/musicapRicordate Marcellino - Trombolino e Pennacchietta aBallonidCodice autore musica SPICS: 14141eAutore musicapLa scuola di Pierino - Cin cin... Ping pong - E verrà quel dì di lune - Il piccolo naviglio - Il mio bel castello aKramer GornidCodice autore testo/musica SPICS: 11552eAutore testo/musicapTrombolino e Pennacchietta aLevidCodice autore musica SPICS: 22692eAutore musicapDudulalà aCarballodCodice autore SPICS: 26133eAutorepDudulalà aClimaxdCodice autore testo/musica SPICS: 26134eAutore testo/musicapDudulalà aChurchilldCodice autore musica SPICS: 13393eAutore musicapI Tre porcellini. Who's Afraid of the Big Bad Wolf? aMisselviadCodice autore SPICS: 14169eAutorepI Tre porcellini. Who's Afraid of the Big Bad Wolf? aWayne M.dCodice autore testo/musica SPICS: 25135eAutore testo/musicapI Tre porcellini. Who's Afraid of the Big Bad Wolf? aMoretto G.dCodice autore SPICS: 14142eAutorepCin cin... Ping pong - E verrà quel dì di lune - Il piccolo naviglio - Il mio bel castello aAnonimodCodice autore musica SPICS: 2620eAutore musicapE verrà quel dì di lune - Il piccolo naviglio - Il mio bel castello aPaolini AdrianadCodice autore musica SPICS: 25277eAutore musicapMa che musica maestro aPisano LuigidCodice autore SPICS: 13579eAutorepMa che musica maestro aSilvestri FrancodCodice autore testo/musica SPICS: 13543eAutore testo/musicapMa che musica maestro